| 000 | 00382nam a22001457a 4500 | ||
|---|---|---|---|
| 005 | 20251007130958.0 | ||
| 008 | 250929b |||||||| |||| 00| 0 eng d | ||
| 020 | _a978-93-48189-38-7 | ||
| 041 | _aHINDI | ||
| 100 |
_aPANDEY, DR RAMESH CHANDRA _98709 |
||
| 245 | _aBHARTEEYA YOG KE LOKPRIYA PATH | ||
| 260 |
_aUTTAR PRADESH _bAKSHAR PLANT _c2024 |
||
| 300 | _a300;P | ||
| 942 | _cBK | ||
| 999 |
_c8860 _d8858 |
||